=LDR 00000nam 2200000 4500 =001 INLIS000000000046527 =005 20150402123116.0 =006 =007 =008 =020 ##$$a 979-8020-93-6 =035 ##$$0010-041500000000009 =082 ##$$a 332.1-Str-s =100 ##$$a Tim =245 ##$$a Strategi & operasional Bank =250 ##$$a Cet.1 =260 ##$$a Bandung $b Eresco $c 1996 =300 ##$$a x,270 Hlm $c 21 Cm =850 ##$$aNBPNMAT =990 ##$$a 0001/BPAP-NTB/20142015